000 00370nam a22001217a 4500
080 _a340= 690 R 327
245 _aRevista dos Académicos de Direito. UNESP
260 _aFrancia
_bCampus de Framcia- UNESP
_c2009
300 _a388 P.
650 _2IEDCYT
_xderecho
_xresponsabilidad civil
_xderecho tributario
_xprocesos colevtivos
942 _2cdu
945 _acd
_d2016-08-04
999 _c4347
_d234851